| 000 | 01009nam a22002295i 4500 | ||
|---|---|---|---|
| 001 | 154053 | ||
| 003 | ES-MaACL | ||
| 005 | 20250730063136.0 | ||
| 008 | 040820s1861 po a |||| | por d | ||
| 100 | 1 |
_aLopes Fernandes, Manuel Bernardo, _d1797-1870 _9171790 |
|
| 245 | 1 | 0 |
_aMemoria das medalhas e condecorações portuguezas e das estrangeiras com relação a Portugal / _cpor Manuel Bernardo Lopes Fernandes. |
| 260 |
_aLisboa : _b[s.n.], _c1861 ( _fTyp. da Academia) |
||
| 300 |
_a2 v. (144 p. ; 51 h. de lám.) ; _c27 cm. |
||
| 530 | _aDisponible en formato digital. | ||
| 599 | _aVol. 2 recoge las láminas de medallas: "Rebello des. e gr., Lith. Belga" | ||
| 650 | 4 |
_aMedallas- _zPortugal. _9136478 |
|
| 650 | 4 |
_aCondecoraciones. _9171791 |
|
| 710 | 2 |
_aAcademia das Ciências de Lisboa. _91159 |
|
| 852 | 4 |
_aES-MaACL _jG-6376-77 _z- Enc. hol., conservando cub. original |
|
| 856 | 4 |
_uhttps://archive.org/details/memoriadasmedalh00lope _zInternet Archive |
|
| 999 |
_c154053 _d154053 |
||